000
00331nam a22001457a 4500
008
230512b ||||| |||| 00| 0 eng d
020
_a
9780766041677
041
_a
eng
080
_a
004
082
_a
004NOR
100
_a
18
101
_a
SHKP
245
_a
PIONEERING AMERICAN COMPUTER GENIUSES
_c
NORTHRUP M
942
_2
udc
_c
BK
999
_c
59692
_d
59692